| 000 | 00448 a2200169 4500 | ||
|---|---|---|---|
| 001 | 066152 | ||
| 003 | OSt | ||
| 005 | 20210915121522.0 | ||
| 008 | |||
| 082 |
_a510 _bM27A |
||
| 100 | 1 | _aMahan, Gerald Dennis | |
| 245 | 1 |
_aApplied mathematics _cby Gerald Dennis Mahan |
|
| 260 |
_aNew York _bSpringer _c2008 |
||
| 300 | _a368p. | ||
| 690 | _aMathematics; Physics; Surfaces (Physics); Engineering | ||
| 942 |
_2ddc _cBK |
||
| 999 |
_c337 _d337 |
||